Tìm hiểu thực trạng công tác giảng dạy và hoạt động phong trào của bộ môn bóng chuyền trong các trường THPT Quận Liên Chiểu và Quận Thanh Khê thành phố Đà Nẵng 2010-2011
Cơ sở lý luận...Mục đích và nhiệm vụ phương pháp và tổ chức nghiên cứu..
সংরক্ষণ করুন:
| প্রধান লেখক: | |
|---|---|
| অন্যান্য লেখক: | |
| বিন্যাস: | গ্রন্থ |
| ভাষা: | Vietnamese |
| প্রকাশিত: |
Đại học Sư Phạm
Đại học Đà Nẵng
2011
|
| বিষয়গুলি: | |
| ট্যাগগুলো: |
ট্যাগ যুক্ত করুন
কোনো ট্যাগ নেই, প্রথমজন হিসাবে ট্যাগ করুন!
|
| Thư viện lưu trữ: | Mạng thư viện Đại học Đà Nẵng |
|---|
| LEADER | 01409nam a2200325 4500 | ||
|---|---|---|---|
| 001 | 000011650 | ||
| 003 | 7909 | ||
| 005 | 20120208070255.0 | ||
| 008 | 120208s2011 viesd | ||
| 041 | |a vie | ||
| 072 | |a Khóa luận tốt nghiệp -Giaó dục chính trị | ||
| 082 | |a 796.325 |b PH-H | ||
| 100 | 1 | |a Phan, Xuân Hải | |
| 245 | 1 | |a Tìm hiểu thực trạng công tác giảng dạy và hoạt động phong trào của bộ môn bóng chuyền trong các trường THPT Quận Liên Chiểu và Quận Thanh Khê thành phố Đà Nẵng 2010-2011 |c Phan, Xuân Hải | |
| 260 | |a Đại học Sư Phạm |b Đại học Đà Nẵng |c 2011 | ||
| 300 | |a 52 tr. |c 29 cm. | ||
| 500 | |a Khóa luận tốt nghiệp | ||
| 520 | |a Cơ sở lý luận...Mục đích và nhiệm vụ phương pháp và tổ chức nghiên cứu.. | ||
| 653 | |a Đà Nẵng | ||
| 700 | |a Võ, Đình Hợp |c Người hướng dẫn |e Th.S | ||
| OWN | |a LSP | ||
| AVA | |a UDN50 |b LSP |d 796.325 PH-H |e available |t Error 5001 Not defined in file expand_doc_bib_avail. |f 1 |g 0 |h N |i 0 |k 1 | ||
| 999 | |a From the UDN01 | ||
| AVA | |a UDN50 |b LSP |d 796.325 PH-H |e available |t Error 5001 Not defined in file expand_doc_bib_avail. |f 1 |g 0 |h N |i 0 |k 1 | ||
| TYP | |a Monograph | ||
| TYP | |a Printed language | ||
| 980 | |a Mạng thư viện Đại học Đà Nẵng | ||